[Event "SCO-ch96/1989"]
[Site "St. Andrews"]
[Date "1989.07.16"]
[Round "4"]
[White "Condie, Mark L"]
[Black "Bryson, Douglas Marshall"]
[Result "1/2-1/2"]
[WhiteElo "2445"]
[BlackElo "2275"]
[PlyCount "75"]
[EventDate "1989.07.13"]
[EventType "swiss"]
[EventRounds "9"]
[EventCountry "SCO"]
[SourceTitle "BritBase"]
[Source "John Saunders"]
[SourceDate "2025.07.03"]
[SourceVersion "1"]
[SourceVersionDate "2025.07.03"]
[SourceQuality "1"]

1. d4 d5 2. c4 e6 3. Nc3 c5 4. e3 Nf6 5. Nf3 Nc6 6. a3 cxd4 7. exd4 Be7 8. c5 O-O 9. Bf4 b6 10. Bb5 Bd7 11. Bxc6 Bxc6 12. Ne5 Rc8 13. b4 bxc5 14. bxc5 Bb5 15. Qb3 Bc4 16. Qa4 Nh5 17. Be3 Bf6 18. Nxc4 Rxc5 19. dxc5 Bxc3+ 20. Ke2 Bxa1 21. Rxa1 dxc4 22. Rd1 Qh4 23. c6 Nf4+ 24. Bxf4 Qxf4 25. h3 Qe5+ 26. Kf1 Qc5 27. Rc1 c3 28. Qb4 Qxc6 29. Rxc3 Qd5 30. Kg1 h6 31. Qe7 Qd4 32. Rc7 Qa1+ 33. Kh2 Qe5+ 34. g3 Qd4 35. Kg1 Qd1+ 36. Kh2 Qd4 37. Kg1 Qd1+ 38. Kh2 1/2-1/2

[Event "SCO-ch96/1989"]
[Site "St. Andrews"]
[Date "1989.07.16"]
[Round "4"]
[White "Grant, Jonathan I M"]
[Black "Buchanan, Walter F"]
[Result "1-0"]
[WhiteElo "2110"]
[BlackElo "2205"]
[PlyCount "73"]
[EventDate "1989.07.13"]
[EventType "swiss"]
[EventRounds "9"]
[EventCountry "SCO"]
[SourceTitle "BritBase"]
[Source "John Saunders"]
[SourceDate "2025.07.03"]
[SourceVersion "1"]
[SourceVersionDate "2025.07.03"]
[SourceQuality "1"]

1. c4 Nf6 2. Nc3 g6 3. g3 Bg7 4. Bg2 O-O 5. e4 d6 6. Nge2 e5 7. O-O c6 8. d3 Ne8 9. Be3 Nd7 10. d4 a6 11. a4 a5 12. Qc2 Qe7 13. Rad1 exd4 14. Bxd4 Nc5 15. Rfe1 Nc7 16. h3 Be6 17. b3 N5a6 18. f4 Nb4 19. Qb2 Bxd4+ 20. Nxd4 Rad8 21. Qf2 f6 22. Nd5 Bxd5 23. exd5 Qd7 24. f5 Rde8 25. Ne6 Nxe6 26. fxe6 Qc7 27. c5 cxd5 28. Bxd5 Re7 29. cxd6 Qxd6 30. Bxb7 Nd3 31. Qe3 Rxb7 32. Rxd3 Qe7 33. Red1 Re8 34. Rd6 Reb8 35. Rd7 Rxd7 36. Rxd7 Qe8 37. Qh6 1-0

[Event "SCO-ch96/1989"]
[Site "St. Andrews"]
[Date "1989.07.16"]
[Round "4"]
[White "Mannion, Stephen R"]
[Black "McNab, Colin Anderson"]
[Result "1-0"]
[WhiteElo "2300"]
[BlackElo "2435"]
[PlyCount "133"]
[EventDate "1989.07.13"]
[EventType "swiss"]
[EventRounds "9"]
[EventCountry "SCO"]
[SourceTitle "BritBase"]
[Source "John Saunders"]
[SourceDate "2025.07.03"]
[SourceVersion "1"]
[SourceVersionDate "2025.07.03"]
[SourceQuality "1"]

1. e4 g6 2. d4 d6 3. Nc3 Bg7 4. f4 c6 5. Nf3 Bg4 6. Be3 Qb6 7. Qd2 Bxf3 8. gxf3 Nd7 9. Bh3 Qc7 10. f5 Ngf6 11. O-O-O b5 12. Bh6 Bxh6 13. Qxh6 O-O-O 14. d5 Kb8 15. dxc6 Qxc6 16. fxg6 hxg6 17. Bxd7 Qxd7 18. Qf4 Rh5 19. Rhe1 g5 20. Qd2 e5 21. Re3 a6 22. Rd3 Ne8 23. Nd5 Qb7 24. a4 Rc8 25. axb5 axb5 26. Rb3 Rc5 27. Kb1 Kc8 28. Ne3 Rh6 29. Nf5 Rg6 30. h3 Kd7 31. Rg1 Qc6 32. Rd3 Qc7 33. c3 Rc4 34. Rxg5 Ra4 35. Rxg6 fxg6 36. Ne3 Qa7 37. Nc2 Qg1+ 38. Qd1 Qg2 39. Na3 Ra5 40. Rd5 Qxh3 41. Nc4 Ra6 42. Nxe5+ Ke6 43. Nd3 Qh7 44. Nb4 Rb6 45. Qg1 Rb7 46. Nc6 Kd7 47. Na5 Rc7 48. Rxb5 Qh3 49. Qd1 Ke7 50. Nb3 Ra7 51. Qg1 Rc7 52. Nd4 Kf7 53. Rg5 Qh6 54. Nb5 Rb7 55. Rd5 Qf4 56. Qh1 Kg8 57. Qh3 Re7 58. Qg2 Kf7 59. Rd1 Rb7 60. Qe2 Kg7 61. Nd4 Qe5 62. Rg1 Rf7 63. Qg2 Rf6 64. Qg4 Nc7 65. Rh1 Rf7 66. Nf5+ Kf6 67. Rh6 1-0

[Event "SCO-ch96/1989"]
[Site "St. Andrews"]
[Date "1989.07.16"]
[Round "4"]
[White "McKay, Roderick McIntosh"]
[Black "MacKay, Ian D"]
[Result "0-1"]
[WhiteElo "2390"]
[BlackElo "2335"]
[PlyCount "58"]
[EventDate "1989.07.13"]
[EventType "swiss"]
[EventRounds "9"]
[EventCountry "SCO"]
[SourceTitle "BritBase"]
[Source "John Saunders"]
[SourceDate "2025.07.03"]
[SourceVersion "1"]
[SourceVersionDate "2025.07.03"]
[SourceQuality "1"]

1. d4 d5 2. c4 e6 3. Nc3 c6 4. Nf3 Nf6 5. Qc2 Be7 6. e4 dxe4 7. Nxe4 Nbd7 8. Nxf6+ Nxf6 9. Bd3 b6 10. O-O Bb7 11. c5 O-O 12. Re1 h6 13. Be3 Nd5 14. a3 Qc7 15. Rad1 Rfd8 16. Bc1 Bf6 17. g3 a5 18. Qe2 bxc5 19. dxc5 Be7 20. Bb1 Bxc5 21. Qc2 Qb6 22. Rxe6 $2 (22. Qh7+ Kf8 23. Rxe6 $18) 22... Nf6 $1 $11 23. Rxd8+ Qxd8 24. Re1 Qd5 25. Nh4 Kf8 26. Rd1 $2 (26. Ba2 $1 $14) 26... Bd4 $19 27. Qf5 Bxf2+ 28. Kxf2 Qxd1 29. h3 Re8 {Source: (moves 32-end) CHESS, October 1989, Vol.54/7, p11} 0-1

[Event "SCO-ch96/1989"]
[Site "St. Andrews"]
[Date "1989.07.16"]
[Round "4"]
[White "Morrison, Graham"]
[Black "Holmes, Donald A"]
[Result "1-0"]
[WhiteElo "2325"]
[BlackElo "2310"]
[PlyCount "49"]
[EventDate "1989.07.13"]
[EventType "swiss"]
[EventRounds "9"]
[EventCountry "SCO"]
[SourceTitle "BritBase"]
[Source "John Saunders"]
[SourceDate "2025.07.03"]
[SourceVersion "1"]
[SourceVersionDate "2025.07.03"]
[SourceQuality "1"]

1. Nf3 Nf6 2. c4 g6 3. Nc3 d5 4. cxd5 Nxd5 5. g3 Bg7 6. Bg2 O-O 7. O-O e5 8. Nxd5 Qxd5 9. d3 Nc6 10. Be3 Qd7 11. Rc1 Rd8 12. Qc2 Nb4 13. Qb3 Nd5 14. Bg5 Re8 15. Rfd1 h6 16. Bd2 c6 17. Qc4 a5 18. e4 Nb4 19. a3 b5 20. Qb3 Na6 21. Bxa5 Nc5 22. Rxc5 Rxa5 23. Qc3 Qd6 24. Rxc6 Qd8 25. Rxc8 1-0

[Event "SCO-ch96/1989"]
[Site "St. Andrews"]
[Date "1989.07.16"]
[Round "4"]
[White "Swan, Iain"]
[Black "Muir, Andrew Joseph"]
[Result "1/2-1/2"]
[WhiteElo "2280"]
[BlackElo "2250"]
[PlyCount "94"]
[EventDate "1989.07.13"]
[EventType "swiss"]
[EventRounds "9"]
[EventCountry "SCO"]
[SourceTitle "BritBase"]
[Source "John Saunders"]
[SourceDate "2025.07.03"]
[SourceVersion "1"]
[SourceVersionDate "2025.07.03"]
[SourceQuality "1"]

1. e4 c5 2. Nf3 Nc6 3. Nc3 d6 4. d4 cxd4 5. Nxd4 Nf6 6. Bc4 e6 7. Be3 Be7 8. O-O O-O 9. Bb3 a6 10. f4 Qc7 11. Qf3 Nxd4 12. Bxd4 b5 13. f5 b4 14. fxe6 bxc3 15. exf7+ Kh8 16. bxc3 Bg4 17. Qg3 Qd7 18. Rxf6 Bxf6 19. Bxf6 gxf6 20. Qh4 h5 21. Qxf6+ Kh7 22. h3 Bxh3 23. gxh3 Qxh3 24. Be6 Qg3+ 25. Kh1 Qg7 26. Qf5+ Qg6 27. Rg1 Qxf5 28. Bxf5+ Kh8 29. Be6 Kh7 30. Bf5+ Kh8 31. Be6 Kh7 32. Kh2 Ra7 33. Rg5 Re7 34. Bb3 Rxe4 35. Rxh5+ Kg6 36. Rh3 Rg4 37. Rg3 Kg5 38. Kg2 Kf4 39. Rxg4+ Kxg4 40. Kf2 Kf4 41. Bd5 a5 42. c4 Rh8 43. Ke2 Ke5 44. Kd3 Rc8 45. Kc3 Kf6 46. Kb3 Ke7 47. Ka4 Rc5 1/2-1/2

[Event "SCO-ch96/1989"]
[Site "St. Andrews"]
[Date "1989.07.16"]
[Round "4"]
[White "Upton, Timothy J"]
[Black "Roberts, Paul E"]
[Result "1-0"]
[WhiteElo "2305"]
[BlackElo "1865"]
[PlyCount "79"]
[EventDate "1989.07.13"]
[EventType "swiss"]
[EventRounds "9"]
[EventCountry "SCO"]
[SourceTitle "BritBase"]
[Source "John Saunders"]
[SourceDate "2025.07.03"]
[SourceVersion "1"]
[SourceVersionDate "2025.07.03"]
[SourceQuality "1"]

1. e4 e6 2. d4 d5 3. Nd2 c5 4. exd5 Qxd5 5. Ngf3 cxd4 6. Bc4 Qd6 7. O-O Nf6 8. Nb3 Nc6 9. Nbxd4 Nxd4 10. Nxd4 Bd7 11. c3 Be7 12. Qf3 Qc7 13. Bb3 O-O 14. Bg5 b5 15. Rfe1 Qc5 16. Be3 Qh5 17. Qxh5 Nxh5 18. Bd1 Nf6 19. Bf3 Rac8 20. Bf4 Rc5 21. Rad1 a5 22. Nb3 Rf5 23. Be5 a4 24. Nd4 Rg5 25. h4 Rg6 26. Ne2 Rd8 27. Bf4 h5 28. Bg5 Nd5 29. Rxd5 exd5 30. Bxe7 Re8 31. Nf4 Rf6 32. Nxh5 Rh6 33. Re3 Re6 34. Bc5 Rxe3 35. Bxe3 Be6 36. a3 Rd8 37. Nf4 Kf8 38. Bd4 g6 39. Nxe6+ fxe6 40. Be5 1-0

[Event "SCO-ch96/1989"]
[Site "St. Andrews"]
[Date "1989.07.17"]
[Round "5"]
[White "Bryson, Douglas Marshall"]
[Black "Morrison, Graham"]
[Result "1-0"]
[WhiteElo "2275"]
[BlackElo "2325"]
[PlyCount "81"]
[EventDate "1989.07.13"]
[EventType "swiss"]
[EventRounds "9"]
[EventCountry "SCO"]
[SourceTitle "BritBase"]
[Source "John Saunders"]
[SourceDate "2025.07.03"]
[SourceVersion "1"]
[SourceVersionDate "2025.07.03"]
[SourceQuality "1"]

1. e4 c5 2. Nf3 e6 3. d4 cxd4 4. Nxd4 Nc6 5. Nc3 d6 6. f4 Nf6 7. Be3 Be7 8. Qf3 O-O 9. O-O-O Qc7 10. g4 Nxd4 11. Bxd4 e5 12. fxe5 dxe5 13. Qg3 Be6 14. Bxe5 Qa5 15. a3 Rfc8 16. Bxf6 Bxf6 17. Nd5 Bxd5 18. Rxd5 Qa4 19. Bd3 Qb3 20. Rb5 Qa2 21. Rf1 a6 22. Rxb7 Bg5+ 23. Kd1 Qb1+ 24. Ke2 Rxc2+ 25. Kf3 Rd8 26. Rb8 Qxb2 27. Rxd8+ Bxd8 28. Bxc2 Qc3+ 29. Kg2 Qxc2+ 30. Rf2 Qxe4+ 31. Qf3 Qxf3+ 32. Kxf3 Be7 33. a4 a5 34. Ke4 g6 35. Rb2 Bf6 36. Rb5 Bc3 37. Kd3 Be1 38. Rb1 Bh4 39. Kc4 Bg5 40. Rb2 Bc1 41. Ra2 1-0

[Event "SCO-ch96/1989"]
[Site "St. Andrews"]
[Date "1989.07.17"]
[Round "5"]
[White "MacKay, Ian D"]
[Black "Condie, Mark L"]
[Result "0-1"]
[WhiteElo "2335"]
[BlackElo "2445"]
[PlyCount "62"]
[EventDate "1989.07.13"]
[EventType "swiss"]
[EventRounds "9"]
[EventCountry "SCO"]
[SourceTitle "BritBase"]
[Source "John Saunders"]
[SourceDate "2025.07.03"]
[SourceVersion "1"]
[SourceVersionDate "2025.07.03"]
[SourceQuality "1"]

1. d4 f5 2. Bg5 g6 3. c3 Bg7 4. e3 Nf6 5. Nd2 d6 6. Ngf3 Nc6 7. Bxf6 Bxf6 8. d5 Nb8 9. Nd4 e5 10. dxe6 O-O 11. e4 fxe4 12. Nxe4 Bg7 13. Be2 Nc6 14. Nf3 h6 15. Qb3 Qe7 16. O-O Kh8 17. Rfe1 Bxe6 18. Qc2 Bf5 19. Bd3 Qf7 20. Re3 d5 21. Ng3 d4 22. Nxd4 Bxd3 23. Rxd3 Bxd4 24. Rf3 Bf6 25. Ne4 Qe7 26. Nxf6 Rxf6 27. Re3 Qf7 28. b3 Re8 29. Qd2 Kg7 30. Rh3 g5 31. Rd3 Rfe6 0-1

[Event "SCO-ch96/1989"]
[Site "St. Andrews"]
[Date "1989.07.17"]
[Round "5"]
[White "McKay, Roderick McIntosh"]
[Black "Upton, Timothy J"]
[Result "1-0"]
[WhiteElo "2390"]
[BlackElo "2305"]
[PlyCount "63"]
[EventDate "1989.07.13"]
[EventType "swiss"]
[EventRounds "9"]
[EventCountry "SCO"]
[SourceTitle "BritBase"]
[Source "John Saunders"]
[SourceDate "2025.07.03"]
[SourceVersion "1"]
[SourceVersionDate "2025.07.03"]
[SourceQuality "1"]

1. d4 d5 2. Nf3 Nf6 3. e3 e6 4. Bd3 Be7 5. O-O b6 6. Nbd2 Bb7 7. b3 Nbd7 8. Bb2 O-O 9. c4 c5 10. Rc1 Rc8 11. Qe2 Qc7 12. Rfd1 Qb8 13. Ne5 Rfd8 14. cxd5 Bxd5 15. f4 cxd4 16. exd4 Rxc1 17. Rxc1 Rc8 18. Rf1 a5 19. f5 Nf8 20. Ndc4 Re8 21. Ne3 Bd6 22. h3 Bb7 23. fxe6 Rxe6 24. Bc4 Rxe5 25. dxe5 Bxe5 26. Bxe5 Qxe5 27. Ng4 Qd4+ 28. Qf2 Qxf2+ 29. Rxf2 N8d7 30. Rd2 Kf8 31. Nxf6 Nxf6 32. Rd6 1-0

[Event "SCO-ch96/1989"]
[Site "St. Andrews"]
[Date "1989.07.17"]
[Round "5"]
[White "McNab, Colin Anderson"]
[Black "Buchanan, Walter F"]
[Result "1-0"]
[WhiteElo "2435"]
[BlackElo "2205"]
[PlyCount "69"]
[EventDate "1989.07.13"]
[EventType "swiss"]
[EventRounds "9"]
[EventCountry "SCO"]
[SourceTitle "BritBase"]
[Source "John Saunders"]
[SourceDate "2025.07.03"]
[SourceVersion "1"]
[SourceVersionDate "2025.07.03"]
[SourceQuality "1"]

1. c4 b6 2. Nc3 e6 3. Nf3 Bb7 4. e3 f5 5. a3 Nf6 6. d4 Be7 7. d5 O-O 8. Nd4 c5 9. Nde2 exd5 10. cxd5 Bd6 11. g3 Na6 12. Bg2 Nc7 13. O-O b5 14. Qd3 a6 15. Qxf5 Nfxd5 16. Qc2 Nxc3 17. Bxb7 Nxe2+ 18. Qxe2 Rb8 19. Bg2 Be5 20. f4 Bf6 21. g4 g6 22. a4 d5 23. axb5 axb5 24. g5 Bg7 25. Kh1 Qd6 26. h4 Rbe8 27. Qc2 c4 28. Ra7 Qb6 29. Rxc7 Qxc7 30. Bxd5+ Kh8 31. e4 Be5 32. Be3 Rxf4 33. Bxf4 Bxf4 34. Qf2 Be5 35. Qf8+ 1-0

[Event "SCO-ch96/1989"]
[Site "St. Andrews"]
[Date "1989.07.17"]
[Round "5"]
[White "Muir, Andrew Joseph"]
[Black "Grant, Jonathan I M"]
[Result "0-1"]
[WhiteElo "2250"]
[BlackElo "2110"]
[PlyCount "66"]
[EventDate "1989.07.13"]
[EventType "swiss"]
[EventRounds "9"]
[EventCountry "SCO"]
[SourceTitle "BritBase"]
[Source "John Saunders"]
[SourceDate "2025.07.03"]
[SourceVersion "1"]
[SourceVersionDate "2025.07.03"]
[SourceQuality "1"]

1. d4 Nf6 2. c4 e6 3. Nc3 Bb4 4. e3 c5 5. Bd3 Nc6 6. Nge2 cxd4 7. exd4 d5 8. cxd5 Nxd5 9. a3 Bd6 10. Ne4 Be7 11. Bc2 O-O 12. Qd3 e5 13. N4c3 g6 14. dxe5 Nxc3 15. Qxc3 Qd5 16. Bh6 Rd8 17. e6 f6 18. O-O Qh5 19. Qe3 g5 20. Ng3 Qxh6 21. Nf5 Qf8 22. Rfe1 Ne5 23. Qh3 Rd2 24. Be4 Bxe6 25. Nh6+ Kh8 26. Qxe6 Bc5 27. Qh3 Bxf2+ 28. Kh1 Bxe1 29. Rxe1 Rd7 30. Nf5 Re8 31. Bc2 Nd3 32. Rxe8 Nf2+ 33. Kg1 Nxh3+ 0-1

[Event "SCO-ch96/1989"]
[Site "St. Andrews"]
[Date "1989.07.17"]
[Round "5"]
[White "Roberts, Paul E"]
[Black "Swan, Iain"]
[Result "0-1"]
[WhiteElo "1865"]
[BlackElo "2280"]
[PlyCount "128"]
[EventDate "1989.07.13"]
[EventType "swiss"]
[EventRounds "9"]
[EventCountry "SCO"]
[SourceTitle "BritBase"]
[Source "John Saunders"]
[SourceDate "2025.07.03"]
[SourceVersion "1"]
[SourceVersionDate "2025.07.03"]
[SourceQuality "1"]

1. e4 c5 2. Nf3 e6 3. d4 cxd4 4. Nxd4 Nf6 5. Nc3 Nc6 6. Bc4 Bb4 7. O-O Bxc3 8. bxc3 Qa5 9. Nxc6 bxc6 10. Qd4 d5 11. e5 Ne4 12. Bb2 Rb8 13. Rab1 O-O 14. Bb3 c5 15. Qd3 c4 16. Bxc4 dxc4 17. Qxe4 Qxa2 18. Qd4 Bb7 19. Rfd1 Bd5 20. Qc5 Rfc8 21. Qa3 Qxa3 22. Bxa3 Rxb1 23. Rxb1 a5 24. f3 h5 25. Rb5 Ra8 26. h4 Kh7 27. Kf2 Kg6 28. g4 a4 29. Kg3 f6 30. exf6 gxf6 31. f4 hxg4 32. Kxg4 f5+ 33. Kg3 Kh5 34. Kh3 Rg8 35. Be7 Ra8 36. Ba3 Rg8 37. Be7 Bg2+ 38. Kh2 Bf3 39. Bg5 Ra8 40. Kg3 a3 41. Rb6 Bd5 42. Rb1 a2 43. Ra1 Be4 44. Kf2 Bxc2 45. Ke3 Bb1 46. Kd4 Rc8 47. Ke5 Rc6 48. Kd4 Kg4 49. Ke5 Kh5 50. Kd4 Kg4 51. Ke5 Rb6 52. Kd4 Rb2 53. Kxc4 Bc2 54. Kc5 Bb3 55. Bf6 Rb1 56. c4 Kxf4 57. h5 Rxa1 58. Bxa1 Kg5 59. Kd4 f4 60. Ke4 Bc2+ 61. Kf3 Bd1+ 62. Ke4 Bxh5 63. c5 Be8 64. Kf3 Kf5 0-1

[Event "SCO-ch96/1989"]
[Site "St. Andrews"]
[Date "1989.07.18"]
[Round "6"]
[White "Bryson, Douglas Marshall"]
[Black "MacKay, Ian D"]
[Result "1/2-1/2"]
[WhiteElo "2275"]
[BlackElo "2335"]
[PlyCount "59"]
[EventDate "1989.07.13"]
[EventType "swiss"]
[EventRounds "9"]
[EventCountry "SCO"]
[SourceTitle "BritBase"]
[Source "John Saunders"]
[SourceDate "2025.07.03"]
[SourceVersion "1"]
[SourceVersionDate "2025.07.03"]
[SourceQuality "1"]

1. e4 e5 2. Nf3 Nc6 3. Bc4 Bc5 4. d3 Nf6 5. Nc3 d6 6. Bg5 h6 7. Bxf6 Qxf6 8. Nd5 Qd8 9. c3 a6 10. d4 Ba7 11. h3 O-O 12. O-O Be6 13. Rc1 g5 14. Ne3 Bxc4 15. Nxc4 exd4 16. cxd4 d5 17. exd5 Qxd5 18. Ne3 Qe4 19. Ng4 Kg7 20. Re1 Qd5 21. Ne3 Qd7 22. Qc2 Rab8 23. Nf5+ Kh8 24. Ne5 Nxe5 25. Rxe5 Rbe8 26. Rce1 Rxe5 27. Rxe5 Bxd4 28. Re7 Qd5 29. Rxc7 Be5 30. Rc8 1/2-1/2

[Event "SCO-ch96/1989"]
[Site "St. Andrews"]
[Date "1989.07.18"]
[Round "6"]
[White "Buchanan, Walter F"]
[Black "Roberts, Paul E"]
[Result "1-0"]
[WhiteElo "2205"]
[BlackElo "1865"]
[PlyCount "67"]
[EventDate "1989.07.13"]
[EventType "swiss"]
[EventRounds "9"]
[EventCountry "SCO"]
[SourceTitle "BritBase"]
[Source "John Saunders"]
[SourceDate "2025.07.03"]
[SourceVersion "1"]
[SourceVersionDate "2025.07.03"]
[SourceQuality "1"]

1. e4 e6 2. d4 d5 3. Nc3 Nf6 4. exd5 exd5 5. Bd3 Bg4 6. Nge2 Bd6 7. h3 Bh5 8. f4 Bxe2 9. Qxe2+ Qe7 10. g4 c6 11. Kf2 Nbd7 12. Qxe7+ Bxe7 13. Re1 Ng8 14. Kf3 h6 15. Ne2 O-O-O 16. Ng3 g6 17. Bd2 Bf6 18. c3 Bg7 19. h4 Bf6 20. h5 g5 21. Nf5 Kc7 22. Nxh6 Nxh6 23. fxg5 Bxg5 24. Bxg5 f6 25. Bf4+ Kc8 26. Re6 Rdf8 27. Rae1 Nf7 28. Re7 Kd8 29. Bf5 Nde5+ 30. dxe5 Kxe7 31. exf6+ Kxf6 32. Re6+ Kg7 33. Rg6+ Kh7 34. Rg5+ 1-0

[Event "SCO-ch96/1989"]
[Site "St. Andrews"]
[Date "1989.07.18"]
[Round "6"]
[White "Grant, Jonathan I M"]
[Black "Upton, Timothy J"]
[Result "1/2-1/2"]
[WhiteElo "2110"]
[BlackElo "2305"]
[PlyCount "90"]
[EventDate "1989.07.13"]
[EventType "swiss"]
[EventRounds "9"]
[EventCountry "SCO"]
[SourceTitle "BritBase"]
[Source "John Saunders"]
[SourceDate "2025.07.03"]
[SourceVersion "1"]
[SourceVersionDate "2025.07.03"]
[SourceQuality "1"]

1. c4 e6 2. Nf3 d5 3. b3 Nf6 4. g3 Be7 5. Bg2 O-O 6. O-O c5 7. Bb2 b6 8. e3 Bb7 9. Qe2 Nc6 10. Rd1 Qc7 11. Nc3 Rfd8 12. cxd5 Nxd5 13. Nxd5 exd5 14. d4 c4 15. bxc4 Ba6 16. Ne5 Nxe5 17. dxe5 Qxc4 18. Qd2 Bb4 19. Qc1 Rac8 20. Qb1 Qc6 21. e6 fxe6 22. Bxg7 Bc3 23. Bxc3 Qxc3 24. Rd4 Rc4 25. Qd1 Rxd4 26. exd4 Be2 27. Qc1 Qxc1+ 28. Rxc1 Bc4 29. Bh3 Kf7 30. f4 Kf6 31. Kf2 b5 32. a3 a5 33. g4 h6 34. Re1 Rd6 35. Ke3 Rb6 36. Kd2 b4 37. axb4 axb4 38. Kc2 Ra6 39. Kb1 Ra3 40. g5+ hxg5 41. fxg5+ Kxg5 42. Bxe6 Kf6 43. Re5 Rb3+ 44. Kc2 Rf3 45. Bxd5 Rf2+ 1/2-1/2

[Event "SCO-ch96/1989"]
[Site "St. Andrews"]
[Date "1989.07.18"]
[Round "6"]
[White "Morrison, Graham"]
[Black "Mannion, Stephen R"]
[Result "1-0"]
[WhiteElo "2325"]
[BlackElo "2300"]
[PlyCount "47"]
[EventDate "1989.07.13"]
[EventType "swiss"]
[EventRounds "9"]
[EventCountry "SCO"]
[SourceTitle "BritBase"]
[Source "John Saunders"]
[SourceDate "2025.07.03"]
[SourceVersion "1"]
[SourceVersionDate "2025.07.03"]
[SourceQuality "1"]

1. Nf3 Nf6 2. c4 c5 3. Nc3 b6 4. e4 Nc6 5. d4 cxd4 6. Nxd4 Bb7 7. Be3 Qb8 8. f3 e6 9. Qd2 Be7 10. Be2 O-O 11. O-O-O Bc5 12. Nb3 Bxe3 13. Qxe3 d5 14. cxd5 exd5 15. Nxd5 Nxd5 16. Rxd5 Nb4 17. Rd2 Nxa2+ 18. Kb1 Nb4 19. Nd4 Qe5 20. Nf5 g6 21. Nh6+ Kh8 22. Bc4 Kg7 23. Ng4 Qe7 24. Rd7 1-0

[Event "SCO-ch96/1989"]
[Site "St. Andrews"]
[Date "1989.07.18"]
[Round "6"]
[White "Muir, Andrew Joseph"]
[Black "McNab, Colin Anderson"]
[Result "0-1"]
[WhiteElo "2250"]
[BlackElo "2435"]
[PlyCount "164"]
[EventDate "1989.07.13"]
[EventType "swiss"]
[EventRounds "9"]
[EventCountry "SCO"]
[SourceTitle "BritBase"]
[Source "John Saunders"]
[SourceDate "2025.07.03"]
[SourceVersion "1"]
[SourceVersionDate "2025.07.03"]
[SourceQuality "1"]

1. d4 d6 2. e4 Nf6 3. Nc3 g6 4. f4 Bg7 5. Nf3 c5 6. Bb5+ Nc6 7. dxc5 Qa5 8. O-O O-O 9. Qe1 Ng4 10. Bd3 Qxc5+ 11. Kh1 Nd4 12. h3 Nxf3 13. Rxf3 Nf6 14. Be3 Qa5 15. f5 Bd7 16. a3 Bc6 17. b4 Qc7 18. b5 Bd7 19. Bd4 e5 20. fxe6 fxe6 21. e5 Nh5 22. exd6 Qxd6 23. Bxg7 Kxg7 24. Be4 Qc7 25. Rd1 Rad8 26. Qe3 Rxf3 27. Bxf3 Ng3+ 28. Kg1 Nf5 29. Qd3 Qc5+ 30. Kh1 Bxb5 31. Qxb5 Rxd1+ 32. Bxd1 Qxc3 33. Qxb7+ Kf6 34. Bf3 Qxa3 35. Qxh7 a5 36. Qh8+ Kg5 37. Qd8+ Kf4 38. Qd2+ Ke5 39. Qe1+ Kf6 40. Bg4 Qc5 41. Bxf5 gxf5 42. Qh4+ Kg6 43. Qd8 Qd5 44. Qe8+ Kg5 45. c4 Qd1+ 46. Kh2 Qd6+ 47. Kh1 Kf4 48. Qh5 Qc5 49. Qf3+ Ke5 50. Qe2+ Kf6 51. Qc2 e5 52. h4 e4 53. g4 e3 54. gxf5 Qe5 55. Qe2 a4 56. c5 a3 57. Qa6+ Kxf5 58. Qxa3 e2 59. Qf3+ Kg6 60. Qc6+ Kh5 61. Qf3+ Kh6 62. Qc6+ Kh5 63. Qf3+ Kxh4 64. Qf2+ Kg4 65. Qg2+ Kf5 66. Qf3+ Ke6 67. Qc6+ Ke7 68. Qb7+ Kd8 69. Qb6+ Qc7 70. Qb4 Qc6+ 71. Kg1 Qf3 72. Qb8+ Ke7 73. Qd6+ Kf7 74. Qd7+ Kf6 75. Qd6+ Kf5 76. Qf8+ Ke4 77. Qa8+ Ke3 78. Qa3+ Kf4 79. Qb4+ Kg5 80. Qd2+ Kh5 81. Qe1 Kg4 82. Qb4+ Kh3 0-1

[Event "SCO-ch96/1989"]
[Site "St. Andrews"]
[Date "1989.07.18"]
[Round "6"]
[White "Swan, Iain"]
[Black "Holmes, Donald A"]
[Result "0-1"]
[WhiteElo "2280"]
[BlackElo "2310"]
[PlyCount "102"]
[EventDate "1989.07.13"]
[EventType "swiss"]
[EventRounds "9"]
[EventCountry "SCO"]
[SourceTitle "BritBase"]
[Source "John Saunders"]
[SourceDate "2025.07.03"]
[SourceVersion "1"]
[SourceVersionDate "2025.07.03"]
[SourceQuality "1"]

1. e4 c5 2. Nf3 e6 3. Nc3 Nc6 4. d4 cxd4 5. Nxd4 d6 6. Be3 Nf6 7. Bc4 Be7 8. O-O O-O 9. Bb3 a6 10. f4 Nxd4 11. Bxd4 b5 12. e5 dxe5 13. fxe5 Nd7 14. Ne4 Bb7 15. Nd6 Bxd6 16. exd6 Qg5 17. Rf2 a5 18. a4 b4 19. Qd2 Qxd2 20. Rxd2 Ra6 21. Bf2 Rc6 22. Re1 Ba6 23. Re4 h6 24. h3 Rd8 25. Rh4 Kf8 26. Rh5 e5 27. Rf5 Bc4 28. Bxc4 Rxc4 29. b3 Rc6 30. Bg3 Rc5 31. Bf2 Rc3 32. Rf3 Rxf3 33. gxf3 f6 34. Rd5 Ra8 35. Be1 Kf7 36. Rb5 Rc8 37. Rxa5 Rxc2 38. Bxb4 Rb2 39. Rb5 Rxb3 40. Kf2 Ke6 41. Ke2 f5 42. Kd2 f4 43. a5 Rxf3 44. a6 Rf2+ 45. Kd1 Rf1+ 46. Kd2 Rf2+ 47. Kd3 Ra2 48. Ba5 f3 49. Be1 f2 50. Bxf2 Rxf2 51. Ra5 Rf8 0-1

[Event "SCO-ch96/1989"]
[Site "St. Andrews"]
[Date "1989.07.18"]
[Round "6"]
[White "Condie, Mark L"]
[Black "McKay, Roderick McIntosh"]
[Result "1-0"]
[WhiteElo "2445"]
[BlackElo "2390"]
[PlyCount "79"]
[EventDate "1989.07.13"]
[EventType "swiss"]
[EventRounds "9"]
[EventCountry "SCO"]
[SourceTitle "BritBase"]
[Source "John Saunders"]
[SourceDate "2025.07.03"]
[SourceVersion "1"]
[SourceVersionDate "2025.07.03"]
[SourceQuality "1"]

1. d4 Nf6 2. Bg5 e6 3. e4 h6 4. Bxf6 Qxf6 5. Nf3 d6 6. Nc3 Nd7 7. Qd2 Qd8 8. e5 d5 9. Ne2 c5 10. c3 Qb6 11. a3 Be7 12. Nf4 cxd4 13. cxd4 g5 14. Nh5 g4 15. Ng1 Bg5 16. Qc3 Qc6 17. Qb3 Qc7 18. f4 Be7 19. Bd3 f5 20. Ne2 Nb8 21. h3 gxh3 22. Rxh3 Nc6 23. g4 fxg4 24. Bg6+ Kd8 25. Rc3 Qb6 26. O-O-O Qxb3 27. Rxb3 Na5 28. Rg3 Nc4 29. Bd3 Bd7 30. Bxc4 Rc8 31. Kb1 Rxc4 32. Rxg4 Ba4 33. Rc1 Rxc1+ 34. Kxc1 Bb5 35. Kd2 Rh7 36. Neg3 Bd7 37. Rg8+ Kc7 38. Ng7 Bh4 39. N3h5 Bf2 40. Nf6 1-0

[Event "SCO-ch96/1989"]
[Site "St. Andrews"]
[Date "1989.07.19"]
[Round "7"]
[White "MacKay, Ian D"]
[Black "Holmes, Donald A"]
[Result "1-0"]
[WhiteElo "2335"]
[BlackElo "2310"]
[PlyCount "67"]
[EventDate "1989.07.13"]
[EventType "swiss"]
[EventRounds "9"]
[EventCountry "SCO"]
[SourceTitle "BritBase"]
[Source "John Saunders"]
[SourceDate "2025.07.03"]
[SourceVersion "1"]
[SourceVersionDate "2025.07.03"]
[SourceQuality "1"]

1. c4 e5 2. Nc3 Nf6 3. Nf3 Nc6 4. g3 Bb4 5. Bg2 O-O 6. O-O e4 7. Ng5 Bxc3 8. bxc3 Re8 9. d3 exd3 10. exd3 h6 11. Nf3 b6 12. Bf4 Bb7 13. Qd2 Na5 14. Rae1 Rxe1 15. Rxe1 Qf8 16. Be5 Ne8 17. g4 d6 18. Bf4 g5 19. Bg3 Ng7 20. h4 f6 21. Nd4 Bxg2 22. Kxg2 Re8 23. f4 Rxe1 24. Qxe1 gxf4 25. Bxf4 h5 26. Qe2 Qf7 27. Qf3 hxg4 28. Qxg4 Kh7 29. Qf3 a6 30. Kf2 b5 31. Qd5 Qh5 32. Qe4+ f5 33. Qe7 bxc4 34. Ne6 1-0